PYQs 16 Years (2009-2024) NTA NEET Physics/ (Record no. 213474)

MARC details
000 -LEADER
fixed length control field 00574nam a22001937a 4500
005 - DATE AND TIME OF LATEST TRANSACTION
control field 20250926115757.0
010 ## - LCCN (DPL NO)
LC control number ENG-146870
020 ## - INTERNATIONAL STANDARD BOOK NUMBER
International Standard Book Number 9789358703511
Terms of availability 375.00
035 ## - SYSTEM CONTROL NUMBER
System control number EN-130402
037 ## - SOURCE OF ACQUISITION
Source of stock number/acquisition DBAD
082 ## - DEWEY DECIMAL CLASSIFICATION NUMBER
Edition number 1
Classification number 613.7
245 ## - TITLE STATEMENT
Title PYQs 16 Years (2009-2024) NTA NEET Physics/
250 ## - EDITION STATEMENT
Edition statement 1
260 ## - PUBLICATION, DISTRIBUTION, ETC. (IMPRINT)
Place of publication, distribution, etc Uttar Pradesh
Name of publisher, distributor, etc S. Chand Publishing
Date of publication, distribution, etc 2025
270 ## - ADDRESS
Address D-92, Sector-2, Noida
City Uttar Pradesh
Postal code 201301
Telephone number 61-120-4682700
300 ## - PHYSICAL DESCRIPTION
Extent 220p.
Dimensions 27cm(pb)
500 ## - GENERAL NOTE
General note As per the New Syllabus 2025
942 ## - ADDED ENTRY ELEMENTS (KOHA)
Source of classification or shelving scheme Dewey Decimal Classification
Item type English Books
Call number suffix NTA
Classification part 613.57
Holdings
Withdrawn status Lost status Not for loan Collection code Home library Current library Date acquired Source of acquisition Cost, normal purchase price Full call number Barcode Copy number Cost, replacement price Koha item type
      Non-fiction Central Library Central Library 26/09/2025 Delivery of Books Act Division 375.00 NTA 613.57 EN-130402 1 375.00 English Books

© Delhi Public Library
Hit Counter
free hit counter